[Event "Patras op"]
[Site "Patras"]
[Date "2002.08.06"]
[Round "7.45"]
[White "Moschonas, S."]
[Black "Kourouklis, Efthymios Nektarios"]
[Result "0-1"]
[WhiteElo "1000"]
[BlackElo "1000"]
[PlyCount "56"]
[EventDate "2002.08.??"]
[EventType "swiss"]
[EventRounds "9"]
[EventCountry "GRE"]
[SourceTitle "CBM 089 Extra"]
[Source "ChessBase"]
[SourceDate "2002.09.10"]
[SourceVersion "2"]
[SourceVersionDate "2002.09.10"]
[SourceQuality "1"]

1. e4 e5 2. Nf3 Nc6 3. Nc3 Nf6 4. d3 d6 5. g3 g6 6. Bg2 Bg7 7. 0-0 b6 8. b3 Bb7 9. Bb2 Qe7 10. Re1 0-0-0 11. a4 a6 12. Nd5 Nxd5 13. exd5 Nb4 14. c4 c5 15. Bc3 a5 16. Bxb4 cxb4 17. d4 e4 18. Nd2 f5 19. Rc1 Bxd4 20. Nxe4 Qg7 21. Ng5 Rde8 22. Rxe8+ Rxe8 23. Nxh7 Bxf2+ 24. Kxf2 Qxh7 25. Qd4 Kc7 26. Qf6 Qh6 27. Rc2 Qe3+ 28. Kf1 Qe1# 0-1

[Event "Patras op"]
[Site "Patras"]
[Date "2002.08.05"]
[Round "6.47"]
[White "Ioannidis, C."]
[Black "Moschonas, S."]
[Result "1-0"]
[WhiteElo "1000"]
[BlackElo "1000"]
[PlyCount "79"]
[EventDate "2002.08.??"]
[EventType "swiss"]
[EventRounds "9"]
[EventCountry "GRE"]
[SourceTitle "CBM 089 Extra"]
[Source "ChessBase"]
[SourceDate "2002.09.10"]
[SourceVersion "2"]
[SourceVersionDate "2002.09.10"]
[SourceQuality "1"]

1. e4 c5 2. Nf3 Nc6 3. c3 Nf6 4. Bd3 d6 5. 0-0 Bg4 6. Re1 g6 7. h3 Bxf3 8. Qxf3 Bg7 9. Bb5 a6 10. Bxc6+ bxc6 11. e5 Nh5 12. Qxc6+ Kf8 13. e6 f6 14. d3 Qb8 15. b3 f5 16. Bd2 Qc8 17. Qf3 Be5 18. g4 Ng7 19. Bh6 Ke8 20. Bxg7 Bxg7 21. gxf5 gxf5 22. Qxf5 h6 23. Qf7+ Kd8 24. Qxg7 Kc7 25. Qxe7+ Kb8 26. Qxd6+ Ka7 27. Kf1 Rg8 28. Re5 Rd8 29. Qe7+ Qb7 30. Qxc5+ Qb6 31. Qxb6+ Kxb6 32. d4 Kc7 33. Nd2 Kd6 34. Rae1 Ke7 35. Ne4 h5 36. Nc5 Rac8 37. R1e4 Rxc5 38. dxc5 Rb8 39. Rxh5 Rxb3 40. f4 1-0

[Event "Patras op"]
[Site "Patras"]
[Date "2002.08.01"]
[Round "1.46"]
[White "Moschonas, S."]
[Black "Siempos, Konstantinos"]
[Result "0-1"]
[WhiteElo "1000"]
[BlackElo "1770"]
[PlyCount "108"]
[EventDate "2002.08.??"]
[EventType "swiss"]
[EventRounds "9"]
[EventCountry "GRE"]
[SourceTitle "CBM 089 Extra"]
[Source "ChessBase"]
[SourceDate "2002.09.10"]
[SourceVersion "2"]
[SourceVersionDate "2002.09.10"]
[SourceQuality "1"]

1. e4 b6 2. Nf3 Bb7 3. Nc3 e6 4. d3 d5 5. Bf4 Bb4 6. Bd2 Ne7 7. a3 Bxc3 8. Bxc3 dxe4 9. dxe4 Bxe4 10. Qxd8+ Kxd8 11. Rd1+ Ke8 12. Bxg7 Rg8 13. Bd3 Bxd3 14. Be5 Bxc2 15. Rd2 Be4 16. Bxc7 Na6 17. Bf4 Rc8 18. Rd4 Bxf3 19. gxf3 Nd5 20. Bd2 Nc5 21. Ke2 Nb3 22. Rd3 Nxd2 23. Rxd2 Rc7 24. Rhd1 Kd7 25. f4 Rgc8 26. f5 Ke7 27. fxe6 fxe6 28. Rd4 Rc2+ 29. Kf3 Rxb2 30. Re4 Nc3 31. Rde1 Nxe4 32. Rxe4 Rcc2 33. Rh4 Rxf2+ 34. Kg3 Rg2+ 35. Kf3 Rxh2 36. Re4 Rb3+ 37. Kf4 Rh4+ 38. Ke5 Rxe4+ 39. Kxe4 Kd6 40. a4 Rb4+ 41. Kd3 Rxa4 42. Ke3 Kd5 43. Kf3 h5 44. Ke3 h4 45. Kf3 e5 46. Ke3 Ra3+ 47. Kf2 Ke4 48. Kg2 Kf4 49. Kh2 Kg4 50. Kg1 Ra2 51. Kf1 Kg3 52. Ke1 h3 53. Kf1 h2 54. Ke1 h1Q# 0-1